Sonic depth sounder for laboratory and field use /

Bibliographic Details
Main Authors: Richardson, E. V. (Everett V.), 1924- (Author), Posakony, G. J. (Gerald J.), 1925- (Author), Simons, Daryl B. (Author)
Format: Government Document eBook
Language:English
Published: Washington : United States Department of the Interior, Geological Survey, 1961.
Series:Geological Survey circular ; 450.
Subjects:
Online Access:https://purl.fdlp.gov/GPO/gpo109737

MARC

Tag First Indicator Second Indicator Subfields
LEADER 00000nam a2200000 i 4500
001 in00004033413
005 20190117084608.0
006 m o d f
007 cr bn|||||||||
008 160708s1961 dcua ob f000 0 eng c
035 |a (OCoLC)ocn953291079 
042 |a pcc 
040 |a COP  |b eng  |e rda  |e pn  |c COP  |d OCLCO  |d OCLCF  |d OCLCA  |d GPO  |d MvI 
049 |a WWW 
074 |a 0620-A (online) 
086 0 |a I 19.4/2:450 
100 1 |a Richardson, E. V.  |q (Everett V.),  |d 1924-  |e author. 
245 1 0 |a Sonic depth sounder for laboratory and field use /  |c by E.V. Richardson, D.B. Simons, and G.J. Posakony. 
264 1 |a Washington :  |b United States Department of the Interior, Geological Survey,  |c 1961. 
300 |a 1 online resource (iii, 7 pages) :  |b illustrations. 
336 |a text  |b txt  |2 rdacontent 
337 |a computer  |b c  |2 rdamedia 
338 |a online resource  |b cr  |2 rdacarrier 
490 1 |a Geological Survey circular ;  |v 450 
588 |a Title from title screen (viewed July 29, 2015). 
504 |a Includes bibliographical references (page 7). 
650 0 |a Echo sounding  |x Equipment and supplies. 
650 0 |a Stream measurements  |x Equipment and supplies. 
650 0 |a Underwater acoustics. 
650 7 |a Stream measurements  |x Equipment and supplies.  |2 fast  |0 (OCoLC)fst01134589 
650 7 |a Underwater acoustics.  |2 fast  |0 (OCoLC)fst01161058 
700 1 |a Posakony, G. J.  |q (Gerald J.),  |d 1925-  |e author. 
700 1 |a Simons, Daryl B.,  |e author. 
710 2 |a Geological Survey (U.S.),  |e issuing body. 
776 0 8 |i Print version:  |a Richardson, E. V. (Everett V.), 1924-.  |t Sonic depth sounder for laboratory and field use  |w (OCoLC)4949911 
830 0 |a Geological Survey circular ;  |v 450. 
856 4 0 |u https://purl.fdlp.gov/GPO/gpo109737  |t 0 
999 f f |s b87c5de4-ccce-36cf-ba2f-4a7183f60170  |i ba5d404e-714b-3c85-b1d4-fa515f918ad2  |t 0 
952 f f |a Texas A&M University  |b College Station  |c Electronic Resources  |d Available Online  |t 0  |e I 19.4/2:450  |h Superintendent of Documents classification 
998 f f |a I 19.4/2:450  |t 0  |l Available Online